| 000 | 00897nas a2200301 454500 | ||
|---|---|---|---|
| 001 | 44898 | ||
| 005 | 20260407193511.0 | ||
| 008 | 260407s1994####ag###########|||spa#d | ||
| 003 | AR-UNSa-BCEJYS | ||
| 040 |
_aAR-UNSa-BCEJYS _bspa _cAR-UNSa-BCEJYS |
||
| 080 |
_a331.5 _xMercado de Trabajo. Empleo |
||
| 245 | 1 | 0 |
_aPanorama laboral _pAmérica Latina y el Caribe |
| 264 | 1 |
_aLima : _bOIT _c1994 |
|
| 310 | _aFrecuencia: Anual | ||
| 041 | _aspa | ||
| 942 | _cSER | ||
| 590 | _aniveau_biblio:s niveau_hierar:1 | ||
| 100 | 1 | _aOficina Internacional del Trabajo | |
| 650 | _aAmérica Latina | ||
| 650 | _aCaribe | ||
| 650 | _aDesempleo | ||
| 650 | _aEmpleo | ||
| 650 | _aCrecimiento económico | ||
| 650 | _aMercado de trabajo | ||
| 650 | _aCreación de empleos | ||
| 650 | _aSalario | ||
| 856 | 4 | 1 |
_uhttps://www.biblioeco.unsa.edu.ar/pmb/images/revistas/R21681.jpg _yImagen de portada _qimage/jpeg |
| 999 |
_c8930 _d8930 |
||